000 00503nam a22001937a 4500
003 OSt
005 20250523160348.0
008 250512b |||||||| |||| 00| 0 eng d
020 _a9789390046058
040 _cddc
082 _a616.7061
100 _aKapoor PS
245 _aTextbook of Orthopedic Physiotherapy
_cKapoor PS
250 _a1st
260 _aNew Delhi
_bCBS Publishers & Distributors
_c2021
650 _vPhysiotherapy
_xOrthopedic Physiotherapy
942 _cBK
_2ddc
999 _c249035
_d249035